000 00403 a2200109 4500
001 ART_46161
005 20260410162053.0
008 260409a
245 1 0 _aJóvenes entre el centro y la periferia de la ciudad, del estado y de la academia
100 1 _aChaves, Mariana
773 0 _tCiudadanías
_gDe ciudades, poblaciones, problemas y políticas - Nº 1 (ene./jun. 2017)
_wREV46126
999 _c36015
_d36015